00869pam 2200265 i 4500001000800000005001700008008004100025035002100066906004500087010001700132020001500149040001800164050002100182082000800203100002300211245007800234260006600312300002900378504003000407500002000437650002600457650003300483991006000516099002700576412567019770121000000.0760730s1976 enka b 001 0 eng  9(DLC) 76028343 a7bcbccorignewd1eocipf19gy-gencatlg a 76028343  a0208015280 aDLCcDLCdDLC00aBD161b.K45 197600a1211 aKemp, D. Alasdair.14aThe nature of knowledge :ban introduction for librarians /cby D A Kemp. aLondon :bC. Bingley ;aHamden, Conn. :bLinnet Books,c1976. a199 p. :bill. ;c23 cm. aBibliography: p. 175-189. aIncludes index. 0aKnowledge, Theory of. 0aLibrary sciencexPhilosophy. bc-GenCollhBD161i.K45 1976p00013759868tCopy 1wBOOKS akemp-nature-1072036890